000 00208 a2200097 4500
001 42447
100 _aIqbal Shooqi
245 _aAayna-I- Atabar
260 _aKarachi
_bJaved press
_c
090 _c26364
_d26364
942 _aNUST-CAE
_cM
_c18185
999 _c277520
_d277520